zpět

Detail výsledku týmu

Na Tahu , Olomouc

Datum a čas kvízu

18 Celkem bodů Celkový počet nahraných bodů na tomto kvízu bez doplňovacích otázek.
6. Pořadí na kvízu Konečné umístění týmu na tomto kvízu.

Zaznamenané odpovědi

# Otázka Odpověď Body Výsledky
1. Minulý týden představila Ursul... mezinárodní partnerství 0
2. Radní nizozemského města Haag... C) reklama na cokoli souvisejícího s fosilními palivy 0
3. Který zpěvák si v utajení vzal... Richard Müller 0
4. Skupina TCF Capital podnikate... Pilulka 1
5. Který muž vstoupil do sezóny j... Radko Gudas 1
6. Evropský den jazyků se slaví k... 1C 2B 3A 4D 0
7. Kašubština patří mezi jazyky: C 0
8. Sedila, tedy háček pod písmene... C 0
9. Přejdeme k literatuře. Doplňte... Ivana Děnisoviče 0
10. Kterým slovem na pět písmen se... Banát 1